1044 1789 1954 1142 1602 1932 1002 1134 1827 1764 1368 1923 1585 1115 1831 1992 1090 1199 1528 1032 1313 1640 1982 1376 1919 1723 1782 1599 1282 1175 1862 1988 1947 1996 1528 1605 1994 1156 1019 1783 1673 1225 1152 1821 1537 1548 1162 1351 1722 1584 1375 1090 1434 1342 1780 1392 1632 1907 1441 1219 1723 1376 1303 1994 1073 1274 1767 1817 1612 1655 1285 1845 1664 1701 1478 1082 1688 1086 1186 1015 1658 1709 1654 1627 1685 1658 1329 1887 1253 1098 1507 1933 1639 1185 1098 1085 1490 1181 1320 BCNSPRNW ULIB Ver.6.0+V

เปลี่ยนเป็นภาษาไทย

Change to English
 แสดงรายละเอียดบรรณานุกรม
  กลับหน้าหลัก

Brief Record : Get Marc (ISO 2709) : E-mail record : QR code < ปิดหน้าต่าง
LEADER : 00000nam 2200000uu 4500
001    13399109728
003     ULIB
008    110410s2543||||th 000 0 tha d
020    9746634445 (bpk.)
060 04 WC100^bพ721ร 2543
100 0  พิพัฒน์ ลักษมีจรัลกุล
245 10 โรคติดเชื้อที่เกี่ยวข้องกับการทำงาน =^bWork-relatedinfectious diseases /^cพิพัฒน์ ลักษมีจรัลกุล
246 31 Work-related infectious diseases
260    กรุงเทพฯ :^bเจริญดีการพิมพ์,^c2543
300    v, 230 หน้า :^bภาพประกอบ ;^c26 ซม.
650  7 โรคติดเชื้อ
650  7 การทำงาน
650  7 โรคเกิดจากอาชีพ
945    ^p200^l0^i013936
945    ^p200^l0^i013935
945    ^p200^l0^i013934
995    ทศพร
999 ^a ใช้งานได้ทุกระบบ
รายการนี้ยังไม่มีแท็ก
คุณยังไม่ได้ล็อกอิน คุณสามารถมีกิจกรรมร่วมกับเว็บไซต์ได้ แต่ต้องล็อกอินก่อน ::
  ล็อกอิน

รายการสื่อสารสนเทศ

ลำดับที่ ประเภท เลขเรียก/บาร์โค้ด สถานที่ สถานะ
- ไม่พบข้อมูล -

รายการใกล้เคียง
    ผู้แต่ง [พิพัฒน์ ลักษมีจรัลกุล]

    หัวเรื่อง [โรคติดเชื้อ]
    หัวเรื่อง [การทำงาน]
    หัวเรื่อง [โรคเกิดจากอาชีพ]

BibComment


ยังไม่เคยถูกคอมเมนท์

คอมเมนท์ทรัพยากรรายการนี้
  คอมเมนท์: โรคติดเชื้อที่เกี..


 Copyright 2026. Bcnsprnw @Library